000 00501nam a2200193 4500
003 OSt
005 20260530113921.0
008 260520b |||||||| |||| 00| 0 spa d
040 _aICI
_bspa
_cICI
_erda
050 _aNK1179.A73
_bU23
100 _aÚbeda, Ramón
_eautor
_934687
245 _aARDI
264 _aEspaña
_bEditorial Formentera
_c1993
300 _a200 páginas
336 _2rdacontent
_atexto
337 _2rdamedia
_asin medio
338 _2rdacarrier
_avolumen
942 _2lcc
_n1
_cBK
999 _c12463
_d12463